[Event "ISR-chT (Women)"]
[Site "Ramat Gan"]
[Date "2023.07.07"]
[Round "2.3"]
[White "Eden, Dana"]
[Black "Lapushnian, Maya"]
[Result "0-1"]
[WhiteElo "1170"]
[BlackElo "1585"]
[PlyCount "94"]
[EventDate "2023.07.06"]
[EventType "team-swiss"]
[EventRounds "5"]
[EventCountry "ISR"]
[SourceTitle "CBM 215 Extra"]
[Source "ChessBase"]
[SourceDate "2023.09.30"]
[SourceVersion "1"]
[SourceVersionDate "2023.09.30"]
[SourceQuality "1"]
[WhiteTeam "Kfar Saba Hapoel (W)"]
[BlackTeam "Rishon Le Zion (W) II"]
[WhiteTeamCountry "ISR"]
[BlackTeamCountry "ISR"]

1. f4 d5 2. Nf3 c5 3. g3 Nf6 4. Bg2 b6 5. 0-0 Bb7 6. d3 e6 7. Nbd2 Ng4 8. Nb3 Nd7 9. h3 Ngf6 10. Nbd2 Be7 11. Ne5 Nxe5 12. fxe5 Nd7 13. Nf3 f6 14. Bf4 g5 15. exf6 Bxf6 16. Bc1 Rg8 17. Nh2 h5 18. e4 Rh8 19. exd5 exd5 20. Re1+ Kf7 21. Qf3 Kg7 22. Qf5 Rf8 23. Kh1 Bc3 24. Qxg5+ Qxg5 25. Bxg5 Bxe1 26. Rxe1 Rae8 27. Rd1 Rf2 28. Bf3 Rxc2 29. d4 Kg6 30. Bh4 Rxb2 31. g4 hxg4 32. Bxg4 Nf6 33. Bf3 c4 34. Rg1+ Kf7 35. Ng4 Nxg4 36. Bxg4 Re4 37. Bh5+ Ke6 38. Rg6+ Kd7 39. Rg7+ Kc6 40. Bg3 Ba6 41. a4 b5 42. a5 b4 43. Rxa7 Kb5 44. Bg6 Re3 45. Rg7 c3 46. Bh5 c2 47. Rc7 Rb1+ 0-1

[Event "ISR-chT (Women)"]
[Site "Tel Aviv"]
[Date "2021.10.30"]
[Round "5.10"]
[White "Kochavi, Dana"]
[Black "Lapushnian, Maya"]
[Result "1/2-1/2"]
[WhiteElo "1895"]
[BlackElo "1503"]
[PlyCount "153"]
[EventDate "2021.10.28"]
[EventType "team-swiss"]
[EventRounds "5"]
[EventCountry "ISR"]
[SourceTitle "CBM 204 Extra"]
[Source "ChessBase"]
[SourceDate "2021.11.30"]
[SourceVersion "1"]
[SourceVersionDate "2021.11.30"]
[SourceQuality "1"]
[WhiteTeam "Ramat Gan (W)"]
[BlackTeam "Rishon Le Zion (W) II"]
[WhiteTeamCountry "ISR"]
[BlackTeamCountry "ISR"]

1. e4 c5 2. Nf3 e6 3. d4 cxd4 4. Nxd4 a6 5. Bd3 Bc5 6. Nb3 Ba7 7. Qg4 Nf6 8. Qg3 d6 9. Nc3 Nc6 10. Bd2 Ne5 11. Be2 b5 12. a3 h5 13. Be3 Bxe3 14. Qxe3 Rb8 15. Qd4 Qb6 16. 0-0-0 Qxd4 17. Rxd4 Rb6 18. f4 Ng6 19. g3 h4 20. Rhd1 hxg3 21. hxg3 Ke7 22. R4d3 Bb7 23. Bf3 Rh3 24. Bg2 Rh2 25. R3d2 Ng4 26. Bf3 Rxd2 27. Rxd2 Ne3 28. Na5 Ba8 29. Re2 Nf1 30. Rg2 Ne3 31. Rg1 Nc4 32. Nxc4 bxc4 33. Re1 Rb8 34. Be2 Rc8 35. Bf1 a5 36. Na4 Rc6 37. Bg2 Bb7 38. Nc3 Rc8 39. Re3 Rh8 40. Nd1 Rh2 41. Bf1 Ba6 42. b3 Rh1 43. Bxc4 Bxc4 44. bxc4 Kd7 45. Rd3 Kc6 46. Kb2 Nf8 47. Kb3 Nd7 48. Nf2 Nc5+ 49. Ka2 Rh2 50. Rf3 Na4 51. Kb3 Nc5+ 52. Kb2 Na4+ 53. Ka2 Nc5 54. Kb2 Na4+ 55. Kb3 Nc5+ 56. Ka2 Na4 57. e5 Nc5 58. Kb1 Rg2 59. exd6 Kxd6 60. Kc1 Kc6 61. Nd3 f6 62. Nxc5 Kxc5 63. Kb2 Kxc4 64. Rc3+ Kb5 65. Kb3 Rg1 66. a4+ Kb6 67. Re3 e5 68. fxe5 fxe5 69. Kc4 Ra1 70. Kb3 Rg1 71. c3 Rb1+ 72. Kc2 Rg1 73. Kd2 e4 74. Rxe4 Rxg3 75. Re6+ Kb7 76. Re5 Ka6 77. Re6+ 1/2-1/2

[Event "ISR-chT (Women)"]
[Site "Tel Aviv"]
[Date "2021.10.28"]
[Round "1.2"]
[White "Lapushnian, Maya"]
[Black "Mamantov, Margarita"]
[Result "0-1"]
[WhiteElo "1503"]
[BlackElo "2037"]
[PlyCount "78"]
[EventDate "2021.10.28"]
[EventType "team-swiss"]
[EventRounds "5"]
[EventCountry "ISR"]
[SourceTitle "CBM 204 Extra"]
[Source "ChessBase"]
[SourceDate "2021.11.30"]
[SourceVersion "1"]
[SourceVersionDate "2021.11.30"]
[SourceQuality "1"]
[WhiteTeam "Rishon Le Zion (W) II"]
[BlackTeam "Haifa Nesher (W)"]
[WhiteTeamCountry "ISR"]
[BlackTeamCountry "ISR"]

1. e4 e5 2. Nf3 Nc6 3. Bb5 a6 4. Ba4 d6 5. d4 Bd7 6. c3 Nge7 7. 0-0 Ng6 8. Nbd2 Be7 9. Re1 0-0 10. Nf1 b5 11. Bc2 exd4 12. cxd4 Bg4 13. Ne3 Bxf3 14. gxf3 Bg5 15. Nd5 Bxc1 16. Rxc1 Rc8 17. Qd2 Nh4 18. Bd1 Nxd4 19. Qxd4 Qg5+ 20. Kf1 Qxc1 21. Ne7+ Kh8 22. Nxc8 Rxc8 23. e5 Qg5 24. Qg4 Qxg4 25. fxg4 Kg8 26. exd6 cxd6 27. Re7 Kf8 28. Ra7 Rc1 29. Ke2 Ng6 30. Kd2 Rc6 31. Bf3 Rb6 32. Bd5 Ne5 33. h3 g5 34. b3 Kg7 35. Ke3 Kf6 36. Ke4 h6 37. a3 Kg6 38. Kd4 Nc6+ 39. Ke4 Nxa7 0-1

[Event "EU-ch Hybrid U14 Girls"]
[Site "Tornelo INT"]
[Date "2021.10.15"]
[Round "1"]
[White "Kochavi, Dana"]
[Black "Lapushnian, Maya"]
[Result "1-0"]
[WhiteElo "1895"]
[BlackElo "1503"]
[PlyCount "147"]
[EventDate "2021.10.15"]
[EventType "swiss"]
[EventRounds "9"]
[EventCountry "NET"]
[SourceTitle "EXT 2023"]
[Source "ChessBase"]
[SourceDate "2022.10.05"]
[SourceVersion "1"]
[SourceVersionDate "2022.10.05"]
[SourceQuality "1"]
[WhiteTeam "Israel"]
[BlackTeam "Israel"]
[WhiteTeamCountry "ISR"]
[BlackTeamCountry "ISR"]

1. e4 c5 2. Nf3 e6 3. d4 cxd4 4. Nxd4 a6 5. Bd3 Bc5 6. Nb3 Ba7 7. Qg4 Nf6 8. Qg3 d6 9. Nc3 Nc6 10. Be3 Bxe3 11. Qxe3 e5 12. f3 Be6 13. g4 Ne7 14. h4 Ng6 15. Ne2 Nd7 16. g5 h6 17. 0-0-0 h5 18. f4 exf4 19. Nxf4 Nxf4 20. Qxf4 Bxb3 21. axb3 Ne5 22. Bc4 b5 23. Bd5 Ra7 24. Rhf1 a5 25. Qe3 Qc7 26. Kb1 Qb8 27. c4 bxc4 28. Bxc4 Rb7 29. Qd4 Ke7 30. Qd5 Rf8 31. g6 a4 32. gxf7 Rd7 33. Qe6+ Kd8 34. Rf5 Rfxf7 35. Rxf7 Nxf7 36. Rf1 Re7 37. Qd5 Nh6 38. Rf8+ Re8 39. Qg5+ Kc7 40. Qxg7+ Kb6 41. Qd4+ Kc7 42. Qg7+ Kb6 43. Rxe8 Qxe8 44. Qxh6 Qxe4+ 45. Ka2 axb3+ 46. Bxb3 Qa8+ 47. Kb1 Qe4+ 48. Bc2 Qh1+ 49. Qc1 Qxh4 50. Qe3+ Kc6 51. Be4+ d5 52. Qc3+ Kd6 53. Bd3 Qh1+ 54. Ka2 Qf3 55. Qb4+ Ke5 56. Bc2 Qf7 57. Qb8+ Kd4 58. Qb6+ Ke5 59. Qe3+ Kd6 60. Qh6+ Ke5 61. Qg5+ Kd6 62. Bg6 Qa7+ 63. Kb1 Qd4 64. Qd8+ Ke6 65. Qe8+ Kd6 66. Qf8+ Kc7 67. Qe7+ Kb6 68. Qd8+ Ka7 69. Qc7+ Ka6 70. Qc6+ Ka7 71. Bxh5 Qd3+ 72. Ka2 d4 73. Bf7 Qd2 74. Qc7+ 1-0

[Event "EU-ch Hybrid U14 Girls"]
[Site "Tornelo INT"]
[Date "2021.10.15"]
[Round "3"]
[White "Miliou, Pinelopi"]
[Black "Lapushnian, Maya"]
[Result "0-1"]
[WhiteElo "1285"]
[BlackElo "1503"]
[PlyCount "86"]
[EventDate "2021.10.15"]
[EventType "swiss"]
[EventRounds "9"]
[EventCountry "NET"]
[SourceTitle "EXT 2023"]
[Source "ChessBase"]
[SourceDate "2022.10.05"]
[SourceVersion "1"]
[SourceVersionDate "2022.10.05"]
[SourceQuality "1"]
[WhiteTeam "Greece"]
[BlackTeam "Israel"]
[WhiteTeamCountry "GRE"]
[BlackTeamCountry "ISR"]

1. c4 e5 2. Nc3 Nf6 3. g3 Bb4 4. Bg2 0-0 5. Qc2 Bxc3 6. Qxc3 Re8 7. e4 d6 8. Ne2 a5 9. d3 Nbd7 10. 0-0 Nc5 11. h3 Bd7 12. Be3 Na6 13. a3 a4 14. f4 h6 15. Rab1 b6 16. Rbd1 c5 17. Qd2 Nb8 18. Nc3 Ra5 19. fxe5 dxe5 20. Qf2 Re6 21. g4 Qe8 22. Kh2 Rd6 23. Bf3 Nc6 24. Rd2 Nd4 25. Bd1 Ra7 26. g5 hxg5 27. Bxg5 Nh7 28. Be3 f5 29. Bxd4 cxd4 30. Nd5 f4 31. Rg1 Rh6 32. Bg4 Ng5 33. h4 Bxg4 34. Rxg4 Qh5 35. Qg2 Rf7 36. Rxg5 Qxh4+ 37. Kg1 Qe1+ 38. Qf1 Qxd2 39. Rg2 Qa5 40. Qd1 f3 41. Rf2 Rg6+ 42. Kf1 Rg3 43. Qe1 Rg1+ 0-1

[Event "Wch FIDE Online U14 Girls Europe qual"]
[Site "Tornelo INT"]
[Date "2020.12.07"]
[Round "2"]
[White "Putar, Lara"]
[Black "Lapushnian, Maya"]
[Result "1-0"]
[WhiteElo "1516"]
[BlackElo "1362"]
[PlyCount "73"]
[EventDate "2020.12.07"]
[EventType "swiss (rapid)"]
[EventRounds "7"]
[EventCountry "ISS"]
[SourceTitle "EXT 2022"]
[Source "ChessBase"]
[SourceDate "2021.10.06"]
[SourceVersion "1"]
[SourceVersionDate "2021.10.06"]
[SourceQuality "1"]

1. d4 d5 2. c4 c6 3. Nf3 Nf6 4. g3 Bf5 5. Bg2 e6 6. 0-0 Be7 7. Nc3 0-0 8. b3 Nbd7 9. Bb2 Qc7 10. Qd2 Bb4 11. Qd1 Qa5 12. Rc1 Ne4 13. Nxe4 Bxe4 14. a3 Bd6 15. b4 Qd8 16. Qb3 dxc4 17. Qxc4 Nb6 18. Qb3 Bd5 19. Qd3 f5 20. Ne5 Bxg2 21. Kxg2 Nd7 22. Nc4 Bc7 23. Qb3 Nf6 24. Ne5 Qd5+ 25. Qxd5 exd5 26. b5 Bb6 27. bxc6 bxc6 28. Rxc6 Rfc8 29. Rfc1 Rxc6 30. Nxc6 Re8 31. e3 Ne4 32. a4 Nd2 33. Ne5 Ba5 34. Rc5 Bb6 35. Rxd5 g6 36. Nd7 Rd8 37. Nxb6 1-0

[Event "EU-ch U12 Girls"]
[Site "Bratislava"]
[Date "2019.08.03"]
[Round "2"]
[White "Musabayeva, Diana"]
[Black "Lapushnian, Maya"]
[Result "1/2-1/2"]
[WhiteElo "1679"]
[BlackElo "1356"]
[PlyCount "83"]
[EventDate "2019.08.02"]
[EventType "swiss"]
[EventRounds "9"]
[EventCountry "SVK"]
[SourceTitle "EXT 2020"]
[Source "ChessBase"]
[SourceDate "2019.10.17"]
[SourceVersion "1"]
[SourceVersionDate "2019.10.17"]
[SourceQuality "1"]

1. e4 c6 2. d4 d5 3. Nc3 dxe4 4. Nxe4 Bf5 5. Ng3 Bg6 6. Nf3 Nd7 7. h4 h6 8. h5 Bh7 9. Bc4 e6 10. Qe2 Qc7 11. Ne5 Nxe5 12. dxe5 Bc5 13. Bf4 0-0-0 14. 0-0 Ne7 15. Rad1 Nf5 16. Ne4 Be7 17. c3 g5 18. Bh2 Rxd1 19. Rxd1 Rd8 20. Nd6+ Nxd6 21. exd6 Bxd6 22. Bxe6+ Kb8 23. Rxd6 Rxd6 24. Bxd6 Qxd6 25. Bxf7 a6 26. Bb3 Bf5 27. Qe8+ Ka7 28. Qe3+ Kb8 29. Qe2 Qf4 30. Bd1 Qc1 31. Qe5+ Ka7 32. Qxf5 Qxd1+ 33. Kh2 Qxh5+ 34. Qh3 Qg6 35. Qe3+ Kb8 36. Qe5+ Ka8 37. Qh8+ Ka7 38. Qd4+ Ka8 39. f3 Qe6 40. Kg3 Qe1+ 41. Kh2 Qe6 42. Qd8+ 1/2-1/2